[Event "70th RUS-ch Women Higher League 2020"]
[Site "Sochi"]
[Date "2020.10.14"]
[Round "6.14"]
[White "Kochukova, Anna"]
[Black "Lysenko, Margarita"]
[Result "1/2-1/2"]
[WhiteElo "2093"]
[BlackElo "2239"]
[Annotator "RC"]
[PlyCount "119"]
[EventDate "2020.10.08"]
[EventType "swiss"]
[EventCountry "RUS"]
[SourceTitle "playchess.com"]
[Source "ChessBase"]
[SourceQuality "1"]
[TimeControl "40/5400+30:1800+30"]

1. e4 {[%emt 0:00:00]} c5 {[%emt 0:00:00]} 2. Nf3 {[%emt 0:00:00]} d6 {[%emt 0:00:15]} 3. d4 {[%emt 0:00:00]} cxd4 {[%emt 0:00:40]} 4. Qxd4 {[%emt 0:00:01]} Nc6 {[%emt 0:00:37]} 5. Bb5 {[%emt 0:00:11]} Bd7 {[%emt 0:00:19]} 6. Bxc6 {[%emt 0:00:07]} Bxc6 {[%emt 0:00:14]} 7. c4 {[%emt 0:00:09]} Nf6 {[%emt 0:00:24]} 8. Nc3 {[%emt 0:00:07]} g6 {[%emt 0:00:10]} 9. O-O {[%emt 0:00:13]} Bg7 {[%emt 0:00:08]} 10. Qd3 {[%emt 0:03:17]} O-O {[%emt 0:00:11]} 11. Nd4 {[%emt 0:02:53]} Rc8 {[%emt 0:06:06]} 12. Rd1 {[%emt 0:02:49]} Nd7 {[%emt 0:05:02]} 13. Qe2 {[%emt 0:02:22]} Nc5 {[%emt 0:06:57]} 14. Rb1 {[%emt 0:06:54]} Bd7 {[%emt 0:17:54]} 15. Be3 {[%emt 0:04:23]} a6 {[%emt 0:02:50]} 16. b4 {[%emt 0:06:51]} Na4 {[%emt 0:10:21]} 17. Nxa4 {[%emt 0:01:26]} Bxa4 {[%emt 0:00:04]} 18. Rdc1 {[%emt 0:02:12]} Bd7 {[%emt 0:03:45]} 19. Qd3 {[%emt 0:09:33]} Qc7 {[%emt 0:11:02]} 20. h4 {[%emt 0:12:44]} Rfd8 {[%emt 0:04:43]} 21. b5 {[%emt 0:02:44]} Rf8 {[%emt 0:11:10]} 22. bxa6 {[%emt 0:09:22]} bxa6 {[%emt 0:00:11]} 23. Qa3 {[%emt 0:00:18]} Ra8 {[%emt 0:08:15]} 24. Nb3 {[%emt 0:06:45]} Bc6 {[%emt 0:01:55]} 25. f3 {[%emt 0:03:14]} Rfb8 {[%emt 0:02:05]} 26. Na5 {[%emt 0:03:29]} Bf6 {[%emt 0:00:51]} 27. Bf2 {[%emt 0:06:33]} Bd7 {[%emt 0:00:12]} 28. Rb3 {[%emt 0:01:48]} Rxb3 {[%emt 0:00:35]} 29. axb3 {[%emt 0:02:23]} Rb8 {[%emt 0:02:15]} 30. b4 {[%emt 0:01:17]} e6 {[%emt 0:03:28]} 31. b5 {[%emt 0:04:58]} axb5 {[%emt 0:01:15]} 32. cxb5 {[%emt 0:00:03]} Qd8 {[%emt 0:00:18]} 33. Nc6 {[%emt 0:00:58]} Bxc6 {[%emt 0:00:10]} 34. bxc6 {[%emt 0:01:41]} Bb2 {[%emt 0:00:59]} 35. Qa7 {[%emt 0:00:38]} Rc8 {[%emt 0:01:05]} 36. Rb1 {[%emt 0:03:44]} Be5 {[%emt 0:00:31]} 37. Rc1 {[%emt 0:01:47]} d5 {[%emt 0:00:45]} 38. Qc5 {[%emt 0:00:31]} Bd6 {[%emt 0:00:40]} 39. Qd4 {[%emt 0:00:27]} dxe4 {[%emt 0:00:14]} 40. Qxe4 {[%emt 0:00:00]} Qf6 {[%emt 0:00:00]} 41. Bd4 {[%emt 0:10:34]} Qf4 {[%emt 0:05:44]} 42. Qxf4 {[%emt 0:00:54]} Bxf4 {[%emt 0:00:03]} 43. Rc4 {[%emt 0:00:26]} Bd6 {[%emt 0:04:37]} 44. Kf2 {[%emt 0:04:19]} e5 {[%emt 0:02:16]} 45. Bb6 {[%emt 0:01:06]} f6 {[%emt 0:01:20]} 46. Ke3 {[%emt 0:09:35]} Kf7 {[%emt 0:00:21]} 47. g4 {[%emt 0:00:59]} Ke6 {[%emt 0:03:57]} 48. Rc2 {[%emt 0:02:34]} Kd5 {[%emt 0:03:20]} 49. c7 {[%emt 0:00:00]} Ke6 {[%emt 0:01:42]} 50. h5 {[%emt 0:00:24]} Kd7 {[%emt 0:02:19]} 51. hxg6 {[%emt 0:00:25]} hxg6 {[%emt 0:00:14]} 52. Ke4 {[%emt 0:00:29]} Ke6 {[%emt 0:02:15]} 53. Kd3 {[%emt 0:01:52]} Kd5 {[%emt 0:02:35]} 54. Ba5 {[%emt 0:02:05]} f5 {[%emt 0:01:46]} 55. Ke3 {[%emt 0:01:34]} Ke6 {[%emt 0:02:11]} 56. Rc6 {[%emt 0:01:19]} Kd7 {[%emt 0:01:09]} 57. Ra6 {[%emt 0:00:13]} Rg8 {[%emt 0:02:02]} 58. Kd3 {[%emt 0:00:16]} Bxc7 {[%emt 0:01:24]} 59. Bxc7 {[%emt 0:00:33]} Kxc7 {[%emt 0:00:09]} 60. Re6 {[%emt 0:00:11]} 1/2-1/2

[Event "70th RUS-ch Women Higher League 2020"]
[Site "Sochi"]
[Date "2020.10.14"]
[Round "6.15"]
[White "Miroshnik, Ekaterina"]
[Black "Bykova, Anastasia"]
[Result "0-1"]
[WhiteElo "2104"]
[BlackElo "2215"]
[Annotator "TA"]
[PlyCount "194"]
[EventDate "2020.10.08"]
[EventType "swiss"]
[EventCountry "RUS"]
[SourceTitle "playchess.com"]
[Source "ChessBase"]
[SourceQuality "1"]

{[%evp 20,194,-17,-15,-7,-41,-16,-20,-20,-27,-25,-54,-43,-42,-46,-42,-45,-50,-49,-45,-39,-41,-38,-40,-28,-51,0,-33,-37,-31,0,0,0,0,3,0,10,11,4,5,103,22,25,11,10,-30,-20,-34,-31,-58,-72,-73,-79,-93,-62,-65,0,-79,-33,-92,-81,-80,-58,-112,-92,-102,-82,-59,-63,-74,-73,-89,43,8,8,8,8,0,7,7,7,7,7,7,7,-12,8,0,0,0,7,0,0,0,0,0,0,0,0,0,0,0,0,0,13,22,26,8,8,0,8,8,8,8,8,0,0,0,0,-8,-8,-8,-8,-408,-390,-823,-509,-941,0,0,0,-986,-919,-827,-807,-781,-865,-978,-756,-1408,-1275,-29969,-29969,-29971,-29975,-29975,-29976,-29976,-29977,-29977,-29974,-29974,-29975,-29975,-29976,-29976,-29977,-29977,-29977,-29977,-29978,-29982,-29983,-29983,-29982,-29982,-29983,-29983,-29981,-29982,-29983,-29984,-29985,-29985,-29986,-29987,-29988]} 1. d4 d5 2. c4 c6 3. Nc3 Nf6 4. e3 e6 5. Nf3 Nbd7 6. Bd3 dxc4 7. Bxc4 b5 8. Bd3 Bb7 9. O-O a6 10. b3 c5 11. Bb2 Bd6 {D48: Semi-Slav: Meran System: 7...b5 8 Bd3 a6.} 12. Qe2 cxd4 13. exd4 O-O {The position is equal.} 14. Rac1 {[#]} Qb8 $146 ({Predecessor:} 14... Nb6 15. Ne5 Nbd5 16. Nxd5 Nxd5 17. g3 f5 18. Rce1 Rf6 19. Bc1 h6 20. f4 Nb4 {1-0 (36) Baliuniene,M (1982)-Nastase,A (2091) Hillerod 2020}) 15. Ne4 Nxe4 16. Bxe4 Nf6 17. Bxb7 Qxb7 18. Ne5 Rac8 19. Nd3 Qd5 20. Rfd1 Qf5 21. Nc5 Bf4 ({Much weaker is} 21... Bxc5 $6 22. dxc5 Rc6 23. Bxf6 $16) 22. Rb1 Bd6 23. Rbc1 Nd5 ({Don't play} 23... Bxc5 $6 24. dxc5 Rc6 25. Bxf6 $16) 24. g3 Ne7 25. Ne4 Qd5 26. Nc3 Qb7 27. Ne4 Bb8 28. Nc5 Qa7 29. Qg4 Nf5 (29... g6 $11) 30. b4 ({White should play} 30. Ne4 $1 $16) 30... Bd6 $11 31. Qe4 Rfe8 32. Rd3 a5 33. Ra3 a4 34. Rf3 Bf8 $1 35. Re1 Nd6 $36 {[%mdl 2048] Black is on the roll.} 36. Qg4 Nc4 37. Bc3 Rcd8 (37... Nb6 $15) 38. h4 (38. Ne4 $1 $11 {remains equal.} Re7 39. d5 (39. Qh5 Qb7 $11)) 38... Qa8 39. Rf4 (39. d5 $15 exd5 40. Rxe8 Rxe8 41. Rf5) 39... Rd5 40. Qf3 Nd6 41. Qe2 (41. Re5 $15) 41... h5 42. Ba1 g6 43. Nd7 Bg7 44. Nb6 Qc6 45. Nxd5 Qxd5 (45... exd5 $17 46. Qf1 Rxe1 47. Qxe1 Qc2) 46. Rc1 Nc4 $1 47. Rf3 Rd8 48. Rd3 Bf8 49. Bc3 Ne5 50. Re3 Nc4 51. Rf3 Bg7 52. Re1 Rd7 53. Rf4 Bh6 54. Rf3 Bg7 55. Qe4 Bxd4 56. Bxd4 (56. Qxd5 {feels hotter.} Rxd5 57. Bxd4 Rxd4 58. a3 Kg7 59. Rc3) 56... Qxd4 57. Qxd4 Rxd4 {[%mdl 4096] Endgame KRR-KRN} 58. a3 Kg7 59. Rc1 Kf8 60. Rcc3 Ke7 61. Rfd3 Rxd3 62. Rxd3 {KR-KN} e5 63. Rd5 Nxa3 64. Rxe5+ Kd6 65. Rc5 Nc4 {And now ...a3 would win.} 66. Rxb5 a3 {Threatens to win with ...a2.} 67. Rb8 Kc7 68. Ra8 Kb7 69. Ra4 {Strongly threatening b5.} Kb6 {White must now prevent ...Kb5.} 70. Ra8 Kb5 71. Kf1 $2 {[%mdl 8192]} (71. Kg2 $1 $11) 71... Kxb4 $19 72. Ke2 $2 (72. g4 Na5 73. Rb8+ Ka4 74. Rb1) 72... Na5 {aiming for ...a2.} 73. Rb8+ Kc3 74. Ra8 Kb4 75. Rb8+ {White is now going downhill.} Ka4 76. Rb1 Nb3 77. Ke3 a2 78. Rd1 Kb4 79. Kf4 Kc3 $1 80. f3 Kc2 {Black mates.} 81. Rh1 {[#]} Nc1 $1 82. Rh2+ Kd3 83. Rxa2 Nxa2 {KN-K3P} 84. g4 Nc3 85. gxh5 gxh5 {KN-KPP} 86. Kg5 Ke3 87. Kxh5 Kxf3 {KN-KP} 88. Kg5 Ne4+ 89. Kf5 {[#]} Nd6+ $1 90. Ke5 Kg4 91. Kxd6 Kxh4 {KP-K} 92. Ke5 Kg5 93. Ke4 f6 94. Ke3 Kg4 95. Ke2 Kg3 96. Ke1 f5 97. Kf1 Kf3 {Av CentiPawn Loss W=-64/B=-2. Weighted=-52/-7} 0-1

[Event "70th RUS-ch Women Higher League 2020"]
[Site "Sochi"]
[Date "2020.10.14"]
[Round "6.16"]
[White "Makarova, Olga"]
[Black "Gorovenko, Darya"]
[Result "1/2-1/2"]
[WhiteElo "1875"]
[BlackElo "2120"]
[Annotator "TA"]
[PlyCount "79"]
[EventDate "2020.10.08"]
[EventType "swiss"]
[EventCountry "RUS"]
[SourceTitle "playchess.com"]
[Source "ChessBase"]
[SourceQuality "1"]

{[%evp 9,79,31,39,33,23,6,36,19,38,30,40,27,26,26,32,28,37,22,29,16,36,0,18,18,18,4,0,3,0,0,5,0,0,0,22,0,6,0,0,0,20,40,37,35,25,28,39,39,25,0,0,0,0,0,0,0,0,0,0,0,8,10,8,8,9,8,11,0,0,0,11,0]} 1. c4 Nf6 2. Nc3 d5 3. cxd5 Nxd5 4. Nf3 g6 5. h4 h5 6. e4 {A16: English Opening: 1...Nf6 with ...d5.} Nxc3 7. dxc3 Qxd1+ 8. Kxd1 {White is slightly better.} Bg4 9. Kc2 Nd7 10. Ng5 f6 11. f3 fxg5 12. fxg4 {[#]} hxg4 $146 ({Predecessor:} 12... gxh4 13. Rxh4 Nf6 14. g5 Nd7 15. g4 Bg7 16. gxh5 Rxh5 17. Rxh5 gxh5 18. Be2 O-O-O 19. Bxh5 {1-0 (36) Forcen Esteban,D (2555)-Perez Garcia,R (2137) Lorca 2015}) 13. Bxg5 Bh6 14. Be2 Ne5 15. Rad1 c6 16. Bxh6 Rxh6 17. g3 e6 18. Kd2 Ke7 19. Ke3 Rh5 20. Rhf1 Rah8 21. Kf4 Rf8+ 22. Ke3 Rfh8 23. Kf4 Rf8+ 24. Ke3 Rxf1 25. Rxf1 $11 {[%mdl 4096] Endgame KRB-KRN} g5 26. hxg5 Rxg5 27. Rh1 Rg7 28. Kf4 Nd7 29. Bxg4 Rf7+ $1 {The position is equal.} 30. Ke3 Rg7 31. Kf4 Rf7+ $1 32. Ke3 Rg7 33. Rh4 Kd6 34. Kf2 Nf6 35. Be2 Ke5 36. Kf3 Rf7 37. Ke3 Rg7 38. Kf3 Rf7 39. Ke3 Rg7 40. Kf3 {Av CentiPawn Loss W=-4/B=-3. Weighted=-4/-3} 1/2-1/2

[Event "70th RUS-ch Women Higher League 2020"]
[Site "Sochi"]
[Date "2020.10.14"]
[Round "6.17"]
[White "Mukhina, Jana"]
[Black "Mironenko, Galina"]
[Result "1-0"]
[WhiteElo "2025"]
[BlackElo "2061"]
[Annotator "TA"]
[PlyCount "81"]
[EventDate "2020.10.08"]
[EventType "swiss"]
[EventCountry "RUS"]
[SourceTitle "playchess.com"]
[Source "ChessBase"]
[SourceQuality "1"]

{[%evp 9,80,-10,-6,-37,-22,-47,-47,-56,-66,-160,-172,-181,-39,-44,-54,-56,0,-79,-64,-98,97,-232,-136,-397,-388,-471,-454,-453,-260,-205,-69,-313,-150,-143,0,-26,159,158,354,343,547,546,779,486,486,491,485,475,497,495,664,645,841,864,862,857,838,796,1648,1610,1616,1598,1643,1626,3140,2256,29987,29988,29992,29991,29997,29998,29999]} 1. d4 f5 2. g4 fxg4 3. h3 d5 4. Qd3 Nf6 5. hxg4 Bxg4 6. f3 {A80: Dutch Defence: Unusual White second moves.} Bh5 7. Bg5 {Threatens to win with Bxf6.} Bg6 8. Qb5+ {Black is slightly better.} Nc6 {[#] And now ...a6 would win.} 9. c3 $146 (9. e3 $15) ({Predecessor:} 9. Nc3 Qd6 10. O-O-O O-O-O 11. Nh3 a6 12. Qa4 h6 13. Bf4 Qb4 14. Qxb4 Nxb4 15. a3 {0-1 (51) Dobos,J (2360)-Karolyi,T (2440) Helsinki 1990}) 9... Qd6 $17 10. Nh3 a6 (10... O-O-O $19 {aiming for ...e5.} 11. Nf4 Bf7) 11. Qxb7 $15 Rb8 $36 {[%mdl 2048] White is under pressure.} 12. Qxa6 {[#]} Rxb2 (12... Nxd4 $1 $15 {[%mdl 512]} 13. Qa4+ {[%mdl 64] Double Attack} (13. cxd4 Qxa6) 13... Nc6) 13. Bf4 (13. Na3 $1 $11 {keeps the balance.} h6 14. Bc1) 13... Qd7 $17 14. Na3 Nh5 $2 (14... Rb6 $1 $17 {[%cal Rb6a6]} 15. Qa8+ Rb8) 15. Bh2 $2 {[%mdl 8192]} (15. Nb5 $16 {is necessary to keep the advantage.} e5 16. Bc1 Rxb5 17. Qxb5) 15... e6 ({Black should play} 15... Nb8 $1 $19 {[%cal Rb8a6]} 16. Qa8 e6) 16. e3 $2 {[%mdl 8192]} (16. Nb5 $17 {was forced.} Nb8 17. Nxc7+ Qxc7 18. Qxe6+ Qe7 19. Qxd5) 16... Nb8 $19 17. Qa8 Be7 18. Nf4 Bh4+ (18... Nxf4 $142 19. Bxf4 O-O) 19. Kd1 {[#]} O-O ({Better is} 19... Nxf4 $1 $19 20. Bxf4 Be7) 20. Nd3 $2 (20. Nxg6 $15 hxg6 21. Nc2) 20... Bxd3 (20... Qf7 $19 21. f4 Rb6) 21. Bxd3 $17 Rxf3 (21... Qf7 $17 22. Kc1 Rf2) 22. Nc2 {Kc1 is the strong threat.} Rf8 $2 {[#]} (22... g6 $11) 23. Qa3 $1 $16 {[%cal Ra3b2] White now steadily converts the win.} Rb6 $2 {[#]} (23... Rxc2 $16 {might work better.} 24. Kxc2 Be7) 24. Bxh7+ $1 $18 {[%mdl 576] Deflection} Kxh7 (24... Kf7 {was called for.} 25. Bg6+ Kg8 26. Bh7+ Kf7 27. Bg6+ Kg8 28. Bxh5 Rf2) 25. Qxf8 Qd8 26. Qxd8 Bxd8 {[#]} 27. Bxc7 $1 {[%mdl 512]} Bxc7 28. Rxh5+ Kg6 29. Rh8 Nd7 30. Nb4 Bd6 31. a4 {[%cal Ba2a4,Ba4a5,Ba5a6,Ba6a7][%mdl 32]} Rb7 32. a5 Ra7 33. a6 Bf8 34. Nc6 Ra8 35. a7 Kf5 36. Rb1 Ke4 37. Rb7 g5 38. Rxd7 {White mates.} g4 39. Rf7 g3 40. Ke2 {[%cal Rh8h4]} g2 41. Rh4# {Av CentiPawn Loss W=-75/B=-168. Weighted=-87/-186} 1-0

[Event "70th RUS-ch Women Higher League 2020"]
[Site "Sochi"]
[Date "2020.10.14"]
[Round "6.18"]
[White "Salakhova, Adelya"]
[Black "Berezina, Mariya"]
[Result "1-0"]
[WhiteElo "1885"]
[BlackElo "1982"]
[Annotator "TA"]
[PlyCount "111"]
[EventDate "2020.10.08"]
[EventType "swiss"]
[EventCountry "RUS"]
[SourceTitle "playchess.com"]
[Source "ChessBase"]
[SourceQuality "1"]

{[%evp 21,111,41,34,37,58,22,34,32,112,18,206,-32,-20,-42,-5,-3,-4,0,10,-2,-3,-30,-31,-21,-14,-148,-131,-144,-42,-31,5,10,23,-33,89,-16,42,-14,310,23,389,349,623,636,1158,1158,1141,1119,1495,769,774,775,730,625,1524,903,903,903,903,903,903,903,903,900,886,886,847,782,719,652,1501,1249,2854,3980,2509,2454,2200,2268,2161,2070,29975,1111,29962,9896,5575,5073,4606,29948,12799,10085,5575,5081]} 1. d4 d5 2. c4 e6 3. Nf3 Nf6 4. Nc3 Be7 5. Bf4 O-O 6. e3 Nbd7 7. Be2 c6 8. O-O dxc4 9. Bxc4 b5 10. Bd3 Bb7 11. Ne5 a6 12. a4 {D37: Queen's Gambit Declined: 5 Bf4.} Rc8 13. Rc1 Nxe5 14. Bxe5 {White is slightly better.} b4 (14... g6 $14) 15. Ne4 {[#]} (15. Bxf6 $1 $16 bxc3 16. Bxe7 Qxe7 17. bxc3 (17. Rxc3 c5 $14)) 15... c5 $146 {[#]} (15... Nxe4 $11 {and Black stays safe.} 16. Bxe4 Qd7) ({Predecessor:} 15... Nxe4 16. Bxe4 Qb6 17. Qg4 g6 18. Qh3 f5 19. Bd3 c5 20. Bc4 Bd5 21. dxc5 Qxc5 {1-0 (38) Meduna,E (2417)-Ciprys,M (2115) Pardubice 2011}) 16. Qf3 $2 (16. Nxc5 $6 Bxc5 17. Rxc5 (17. dxc5 Qd5 $16 {[%mdl 64] Double Attack}) 17... Rxc5 $16) (16. Bxf6 $1 $18 Bxf6 17. Nxc5) 16... Nd7 17. Qh3 {Threatening mate with Ng5!} f5 (17... g6 $5 {[%cal Rd7e5]} 18. Nd6 Nxe5 19. Nxb7 Qd7 20. dxe5 Qxd3 $15) 18. Nd6 {[%mdl 64] Double Attack} Nxe5 19. Nxb7 Qd5 (19... Qd7 {with more complications.} 20. Bxa6 cxd4 21. Rxc8 Rxc8 22. exd4 Ra8) 20. Bxa6 $40 {[%mdl 128] White mounts an attack.} cxd4 {Hoping for ...d3.} 21. exd4 Rxc1 22. Rxc1 Qxd4 {And now ...Qb6 would win.} 23. Qg3 (23. Qe3 $11 {remains equal.} Qxb2 24. Re1) 23... f4 $17 24. Qh3 Qb6 (24... Qxb2 25. Rc7 $14 (25. Qxe6+ Kh8 $11)) (24... Rf6 $17 {...Rg6 is the strong threat.} 25. Rc8+ Kf7) 25. Qh5 $1 $15 Bf6 26. Nc5 f3 $1 {[%cal Rf3g2]} 27. g3 ({Weaker is} 27. gxf3 g6 $17) (27. Qh3 $11) 27... Rd8 {[#]} (27... h6 $15 {keeps the upper hand.} 28. Bc4 Nxc4) 28. a5 ({White should play} 28. Bf1 $1 $16) 28... Qc6 ({Black should try} 28... Qxa5 $11 29. Qh3 Qb6) 29. Qh3 (29. Bf1 $14) 29... Rd6 $2 {[%mdl 8192]} (29... Rd5 $11 {and Black has nothing to worry.} 30. Qxe6+ Qxe6 31. Nxe6 Rxa5) 30. Qf1 $2 (30. Bb7 $18 Qc7 31. a6) 30... Qd5 $2 {[%mdl 8192]} (30... Bg5 $11 {and Black is okay.} 31. Rc2 b3) 31. Bb7 $18 Qd4 $2 (31... Qa2 32. a6 Qa5 33. Nxe6 Rxe6) 32. a6 {[%cal Ba5a6,Ba6a7][%mdl 32]} Nc6 33. Bxc6 Rxc6 34. a7 Rc8 35. Qa6 Ra8 36. Qxe6+ Kh8 37. Ne4 Rd8 {( -> ...Qd1+!)} 38. Nxf6 Qd1+ 39. Qe1 Qxe1+ 40. Rxe1 {White wants to mate with Re8+.} gxf6 {[%mdl 4096] Endgame KR-KR} 41. Ra1 Ra8 42. Kf1 Kg7 43. Ke1 Kg6 44. Kd2 Kf5 45. Ke3 Kg4 {[#]} 46. h3+ $1 {[%mdl 576] Deflection} Kxh3 47. Kxf3 {[%cal Ra1h1]} Kh2 48. b3 h5 49. Kf4 Kg2 50. f3 Kh3 51. Ra5 (51. g4 $142 h4 52. Ra2 Rh8 53. a8=Q Rxa8 54. Rxa8 Kg2 55. Ra2+ Kg1 56. Ke3) 51... h4 52. gxh4 Kxh4 53. Kf5 Kg3 54. f4 Kf3 55. Ra4 Ke3 56. Kxf6 {Never resign too early! Av CentiPawn Loss W=432/B=480. Weighted=491/123} 1-0

[Event "70th RUS-ch Women Higher League 2020"]
[Site "Sochi"]
[Date "2020.10.15"]
[Round "7.1"]
[White "Gunina, Valentina"]
[Black "Guseva, Marina"]
[Result "1-0"]
[WhiteElo "2431"]
[BlackElo "2377"]
[Annotator "TA"]
[PlyCount "91"]
[EventDate "2020.10.08"]
[EventType "swiss"]
[EventCountry "RUS"]
[SourceTitle "playchess.com"]
[Source "ChessBase"]
[SourceQuality "1"]

{[%evp 21,91,20,37,22,29,31,43,52,60,67,59,60,63,63,75,66,65,27,65,62,87,87,94,52,97,91,115,15,24,14,13,25,26,30,19,14,69,43,108,110,125,128,163,111,116,96,331,306,298,308,306,302,281,226,517,475,475,381,372,372,384,384,439,369,580,269,556,572,537,521,796,656]} 1. d4 Nf6 2. c4 e6 3. g3 d5 4. Bg2 Bb4+ 5. Bd2 Bxd2+ 6. Qxd2 b6 7. cxd5 exd5 8. Nc3 O-O 9. Nf3 Bb7 10. O-O Nbd7 11. Rac1 Qe7 12. Qf4 {E16: Queen's Indian: 4 g3 Bb7 5 Bg2 Bb4+.} c6 13. Rfe1 {[#]} Qd8 $146 ({Predecessor:} 13... Rfe8 14. Nh4 Nf8 15. Nf5 Qd8 16. Nd6 Re7 17. Nxb7 Rxb7 18. Nb1 Ne6 19. Qh4 Qd6 {0-1 (44) Miljkovic,M (2506)-Karpov,A (2619) Nis 2010}) 14. Nd2 {White is slightly better.} Re8 15. e4 Nf8 16. e5 Ne6 17. Qe3 Ng4 18. Qd3 Nh6 19. Nf1 a5 20. Ne3 g6 21. Na4 {[%cal Bc3a4,Ba4b6,Bb6d7,Bd7e5][%mdl 32]} Rb8 22. a3 Kg7 23. f4 f5 24. exf6+ ({White should play} 24. Rc2 $16) 24... Qxf6 $11 25. Nxb6 {[#] Strongly threatening Nd7.} Qxd4 26. Qxd4+ Nxd4 27. Nd7 Rbd8 28. Ne5 Nf7 (28... Rb8 $11) 29. Nxd5 $1 $14 Nb3 (29... cxd5 $14 30. Rc7 {[%mdl 64] [#] Double Attack} Rxe5 $1 {[%mdl 512]} 31. Rxe5 (31. fxe5 Bc8 $14) 31... Bc6) 30. Rc3 $16 a4 31. Nb6 Rd2 32. Nxa4 (32. Nbc4 $18 Rd4 33. Rb1) 32... Nd4 33. Rce3 Ba8 $2 {This move loses the game for Black.} (33... Nxe5 $16 34. fxe5 (34. Rxe5 Rxe5 35. fxe5 Bc8 $14) 34... Re7) 34. Nc5 Rxb2 35. Ned3 Rxe3 36. Rxe3 Rb1+ 37. Re1 Rb5 $2 (37... Rxe1+ {was worth a try.} 38. Nxe1 Kf6) 38. a4 Ra5 39. Re4 Nf5 40. g4 N5d6 41. Re7 Kf8 42. Rc7 Ne8 (42... h6 $142 43. h4 Kg8) 43. Ne6+ $18 Kg8 44. Re7 {[%cal Re7e8] White is clearly winning.} Ned6 45. Ndc5 h5 46. g5 {Av CentiPawn Loss W=-20/B=-49. Weighted=-19/-53} 1-0

[Event "70th RUS-ch Women Higher League 2020"]
[Site "Sochi"]
[Date "2020.10.15"]
[Round "7.2"]
[White "Goltseva, Ekaterina"]
[Black "Garifullina, Leya"]
[Result "1/2-1/2"]
[WhiteElo "2294"]
[BlackElo "2335"]
[Annotator "TA"]
[PlyCount "115"]
[EventDate "2020.10.08"]
[EventType "swiss"]
[EventCountry "RUS"]
[SourceTitle "playchess.com"]
[Source "ChessBase"]
[SourceQuality "1"]

{[%evp 13,115,-9,0,-2,27,14,22,19,49,41,51,54,69,83,76,58,149,139,152,117,125,56,62,55,91,39,27,39,43,21,32,28,27,27,41,-23,-18,0,194,197,200,99,207,0,90,0,101,69,84,0,51,0,47,-44,17,-17,0,0,0,0,0,0,240,193,354,0,61,59,72,62,71,56,66,10,10,20,122,131,127,126,129,122,143,137,143,143,141,141,137,112,108,41,109,123,127,0,0,0,0,0,0,0,0,0]} 1. d4 Nf6 2. c4 e6 3. Nc3 Bb4 4. Bd2 O-O 5. e3 b6 6. Nf3 d5 7. cxd5 exd5 8. Rc1 {E51: Nimzo-Indian: Rubinstein: 4...0-0 5 Nf3 d5.} a6 9. Bd3 Re8 10. Ne5 Bd6 11. f4 c5 12. O-O c4 13. Bb1 b5 {[#]} 14. a3 $146 ({Predecessor:} 14. Qf3 Ra7 15. a3 Rc7 16. e4 dxe4 17. Nxe4 Nxe4 18. Qxe4 f5 19. Qe3 Nc6 20. Kh1 {0-1 (39) Chkhaidze,N (2290)-Chudinovskih,A (2184) Prague 2019}) 14... Bc7 (14... Bb7 $14) 15. Be1 $16 Qd6 16. Qf3 Bb7 17. Bh4 (17. Qh3 $16) 17... Nbd7 $14 18. Qh3 Nf8 19. Bxf6 (19. g4 $16) 19... Qxf6 20. g4 Qd8 {aiming for ...f6.} 21. Rce1 (21. Qh5 {keeps more tension.} g6 22. Qh6 f6 23. f5 g5 24. h4) 21... f6 22. Nf3 $1 Bc8 23. Qg2 Ba5 24. f5 (24. g5 $14) 24... Bb7 $11 25. g5 Bc7 $2 (25... Nd7 $11) 26. gxf6 $18 Qxf6 27. Kh1 (27. e4 $1 $18 {and the rest is easy.}) 27... Re7 (27... Ba5 $16) 28. Ng5 $2 ({White must play} 28. e4 $1 $18 {[%cal Re4e5] e5 is the strong threat.} Bf4 29. e5 (29. Nxd5 Bxd5 30. exd5 Rae8 $14)) 28... Rd8 (28... Rae8 $1 $11 {keeps the balance.}) 29. Nh3 (29. e4 $1 $16) 29... Rf7 (29... Kh8 $11) 30. Ne2 Ba5 31. Nc3 Bc7 $1 32. Nf2 (32. e4 $1 $14 Qxd4 33. Ng5) 32... Qh4 33. Ng4 (33. e4 $14) 33... Nd7 (33... Kh8 $1 $15) 34. Rg1 (34. e4 $5 {[%cal Re4e5]}) 34... Nf6 35. Nxf6+ $1 ({Not} 35. Ne5 $2 Bxe5 36. dxe5 d4 $19) 35... Qxf6 36. Ref1 {[%cal Be1f1,Bf1f3,Bf3h3][%mdl 32]} Re8 37. Nd1 Qh6 $2 (37... Kh8 $11) 38. Rf3 Ref8 $2 {[#]} (38... Re4) 39. f6 $1 {[%mdl 512]} Rxf6 (39... Bc8 $11 40. fxg7 Rxg7 41. Qxg7+ Qxg7 42. Rxg7+ Kxg7 43. Rxf8 Kxf8) 40. Rh3 $14 {[#]} Rg6 $1 {[%cal Rg6g2][%mdl 512]} 41. Bxg6 Qxg6 42. Qxg6 hxg6 43. Kg2 (43. Rxg6 $14 Bc8 44. Rh4) 43... a5 $11 44. Rf3 b4 (44... Re8 $11 {remains equal.}) 45. Rxf8+ $16 Kxf8 46. axb4 axb4 {[%mdl 4096] Endgame KRN-KB} 47. Nf2 Bc8 48. Kf3 $1 Bf5 {[#]} 49. e4 $1 {[%cal Re4f5]} dxe4+ 50. Nxe4 Bxh2 51. Rc1 Be6 52. Nd2 (52. Rh1 $16 Bc7 53. Rg1) 52... g5 (52... Bd5+ $1 $14 53. Kg4 Be6+ 54. Kg5 Bb8) 53. Nxc4 Bd5+ {[#]} 54. Kg4 (54. Ke2 $1 $16) 54... Bf4 $11 {The position is equal.} 55. Rc2 Be6+ 56. Kf3 Bd5+ 57. Kg4 Be6+ 58. Kf3 {Av CentiPawn Loss W=-30/B=-33. Weighted=-42/-36} 1/2-1/2

[Event "70th RUS-ch Women Higher League 2020"]
[Site "Sochi"]
[Date "2020.10.15"]
[Round "7.3"]
[White "Voit, Daria"]
[Black "Getman, Tatyana"]
[Result "*"]
[WhiteElo "2343"]
[BlackElo "2271"]
[Annotator "TA"]
[PlyCount "28"]
[EventDate "2020.10.08"]
[EventType "swiss"]
[EventCountry "RUS"]
[SourceTitle "playchess.com"]
[Source "ChessBase"]
[SourceQuality "1"]

{[%evp 12,28,18,18,10,15,17,27,22,0,30,-4,0,-29,-39,-39,-21,-63,-73]} 1. d4 Nf6 2. c4 e6 3. Nf3 d5 4. Nc3 Bb4 5. Qa4+ Nc6 6. e3 O-O 7. Bd2 dxc4 {D38: Queen's Gambit Declined: Ragozin Defence (4 Nf3 Bb4).} 8. Bxc4 Bd6 9. O-O e5 {White has an edge.} 10. h3 {is now more promising than 10.d5.} e4 {[#]} 11. Nh2 $146 ({Predecessor:} 11. Ng5 Bf5 12. Qc2 Bb4 13. Nxf7 Rxf7 14. Qb3 Bg6 15. Nxe4 Nxe4 16. Bxb4 Nxb4 17. Qxb4 {1-0 (33) Pultinevicius,P (2501)-Korchmar,V (2413) Riga 2019}) 11... a6 12. Qc2 Bf5 13. f4 Nb4 14. Qb1 b5 {White did not feel at home in the position after the opening.} *